Statistics for E2A(中国道・関門橋)のIC

Click here to take the quiz!

General Stats

  • This quiz has been taken 53 times
  • The average score is 56 of 89

Answer Stats

HintAnswers% Correct
IC下関
90%
IC下関
90%
JCT下関
90%
JCT山口
90%
IC山口
90%
IC津山
90%
IC門司
88%
JCT神戸
88%
JCT吹田
86%
IC宝塚
86%
IC中国池田
83%
IC新見
83%
SA西宮名塩
81%
IC庄原
81%
IC三次
79%
IC門司港
76%
PAめかり
76%
IC中国豊中
76%
IC加西
76%
SA加西
76%
IC美祢
76%
IC美作
76%
IC中国吹田
74%
IC佐用
74%
JCT佐用
74%
JCT広島北
74%
JCT落合
71%
IC落合
71%
IC小郡
69%
JCT小郡
69%
JCT勝央
69%
SA勝央
69%
PA壇之浦
69%
SA鹿野
67%
IC鹿野
67%
IC西宮北
67%
IC北房
67%
JCT北房
67%
JCT/IC三次東
64%
SIC加計
64%
SA安佐
64%
SA/SIC大佐
64%
IC六日市
62%
IC吉和
62%
SA吉和
62%
IC小月
62%
SA七塚原
62%
IC東城
62%
IC福崎
62%
JCT吉川
62%
IC吉川
62%
PA上月
62%
JCT美祢東
60%
PA帝釈峡
60%
PA荷卸峠
60%
IC千代田
60%
JCT千代田
60%
PA赤松
60%
PA美作追分
60%
SA美東
60%
IC美祢西
60%
PA/SIC湯田温泉
57%
IC山崎
57%
IC徳地
55%
PA真庭
55%
IC院庄
52%
JCT西宮山口
52%
SIC夢前
50%
JCT宍粟
50%
PA王司
50%
ICひょうご東条
50%
IC神戸三田
50%
PA江の川
50%
PA揖保川
48%
IC作東
48%
IC滝野社
48%
PA伊佐
43%
IC戸河内
43%
PA
40%
PA楢原
38%
PA筒賀
36%
PA深谷
33%
IC高田
33%
PA朝倉
33%
PA二宮
31%
PA本郷
31%
PA本村
29%
PA神郷
26%
PA安富
24%

Score Distribution

Percentile by Number Answered

Percent of People with Each Score

Your Score History

You have not taken this quiz